| 000 | 00544nam a22001817a 4500 | ||
|---|---|---|---|
| 003 | OSt | ||
| 005 | 20140310182343.0 | ||
| 008 | 130312t xxu||||| |||| 00| 0 eng d | ||
| 020 | _a0673990893 | ||
| 050 |
_aLB 1573 _b.V32 1995 |
||
| 082 |
_aGS 372.4 _bV132 |
||
| 100 |
_aVacca, Jo Anne L. _921850 |
||
| 245 |
_aReading and learning to read / _cJo Anne L. Vacca, Richard T. Vacca, Mary K. Gove |
||
| 260 |
_aNew York : _bHarperCollins College Publishers, _c1995. |
||
| 300 |
_a609 p. : _c 25 cm. _bill. ; |
||
| 942 |
_2lcc _cBK-GS |
||
| 999 |
_c12171 _d12171 |
||